000 02088cam a22003614a 4500
001 15972102
005 20130213120505.0
008 091103s2011 mdua b 001 0 eng
020 _a1609134028
020 _a9781609134020
020 _a0781797667
040 _aDNLM/DLC
_cDLC
_dYDX
_dBTCTA
_dNLM
_dYDXCP
_dBWX
_dIXA
_dSTJ
_dDLC
082 0 0 _a615.19
_222
_bMAR
245 0 0 _aMartin's Physical Pharmacy and Pharmaceutical Sciences :
_bPhysical Chemical and Biopharmaceutical Principles in the Pharmaceutical Sciences.
246 3 0 _aPhysical pharmacy and pharmaceutical sciences
250 _a6th ed., 50th anniversary ed. /
_beditor, Patrick J. Sinko ; assistant editor, Yashveer Singh.
260 _aBaltimore, MD :
_bLippincott Williams & Wilkins,
_cc2011.
300 _aviii, 659 p. :
_bill. (some col.) ;
_c30 cm.
504 _aIncludes bibliographical references and index.
505 0 _aInterpretive tools -- States of matter -- Thermodynamics -- Determination of the physical properties of molecules -- Nonelectrolytes -- Electrolyte solutions -- Ionic equilibria -- Buffered and isotonic solutions -- Solubility and distribution phenomena -- Complexation and protein binding -- Diffusion -- Biopharmaceutics -- Drug release and dissolution -- Chemical kinetics and stability -- Interfacial phenomena -- Colloidal dispersions -- Coarse dispersions -- Micromeritics -- Rheology -- Pharmaceutical polymers -- Pharmaceutical biotechnology -- Oral solid dosage forms -- Drug dynamics and targeting.
541 _aDonation from Baccah
650 0 _aPharmaceutical chemistry.
_930027
650 0 _aChemistry, Physical and theoretical.
_930028
650 1 2 _aChemistry, Pharmaceutical.
_930029
650 1 2 _aChemistry, Physical.
_930030
653 _bPharmacy
_cJune2012
_cFebruary2013
700 1 _aMartin, Alfred N.
_930031
700 1 _aSinko, Patrick J.
_930032
700 1 _aSingh, Yashveer.
_930033
942 _2ddc
_cBB
999 _c16751
_d16751